[Event "ODJM A 2025"]
[Site "Willingen GER"]
[Date "2025.06.13"]
[Round "8"]
[White "Ye, Philipp"]
[Black "Schilling, Rumo"]
[Result "1/2-1/2"]
[Termination "normal"]
[Board "26"]
[WhiteElo "1863"]
[BlackElo "1852"]
[WhiteClock "00:35:49"]
[BlackClock "00:16:52"]
[PlyCount "43"]
[WhiteFideId "34646787"]
[BlackFideId "16283139"]
[EventCountry "GER"]
[EventRounds "9"]
[EventType "swiss"]
[EventDate "2025.06.07"]

1. e4 {[%clk 01:30:47]} {[%emt 00:00:12]} c6 {[%clk 01:30:56]} {[%emt
00:00:05]} 2. d4 {[%clk 01:31:12]} {[%emt 00:00:04]} d5 {[%clk 01:31:25]}
{[%emt 00:00:03]} 3. e5 {[%clk 01:31:35]} {[%emt 00:00:06]} Bf5 {[%clk
01:31:51]} {[%emt 00:00:04]} 4. Nf3 {[%clk 01:32:00]} {[%emt 00:00:05]} e6
{[%clk 01:32:18]} {[%emt 00:00:04]} 5. Be2 {[%clk 01:32:25]} {[%emt 00:00:04]}
Bb4+ {[%clk 01:31:46]} {[%emt 00:01:02]} 6. c3 {[%clk 01:32:29]} {[%emt
00:00:25]} Ba5 {[%clk 01:32:01]} {[%emt 00:00:16]} 7. O-O {[%clk 01:32:42]}
{[%emt 00:00:17]} Nd7 {[%clk 01:32:08]} {[%emt 00:00:24]} 8. Nbd2 {[%clk
01:27:21]} {[%emt 00:05:50]} h6 {[%clk 01:32:23]} {[%emt 00:00:16]} 9. a4
{[%clk 01:19:22]} {[%emt 00:08:28]} Ne7 {[%clk 01:22:55]} {[%emt 00:09:58]} 10.
b4 {[%clk 01:11:40]} {[%emt 00:08:12]} Bc7 {[%clk 01:23:19]} {[%emt 00:00:06]}
11. a5 {[%clk 01:10:02]} {[%emt 00:02:08]} O-O {[%clk 01:17:46]} {[%emt
00:06:03]} 12. Nb3 {[%clk 01:07:44]} {[%emt 00:02:48]} f6 {[%clk 01:08:55]}
{[%emt 00:09:21]} 13. exf6 {[%clk 01:05:25]} {[%emt 00:02:48]} Rxf6 {[%clk
01:07:46]} {[%emt 00:01:39]} 14. Be3 {[%clk 00:57:04]} {[%emt 00:08:52]} Ng6
{[%clk 00:43:26]} {[%emt 00:24:50]} 15. Qd2 {[%clk 00:52:46]} {[%emt 00:04:47]}
Be4 {[%clk 00:35:20]} {[%emt 00:08:36]} 16. Ne1 {[%clk 00:47:44]} {[%emt
00:05:33]} Nf4 {[%clk 00:33:56]} {[%emt 00:01:54]} 17. Bf3 {[%clk 00:44:38]}
{[%emt 00:03:34]} Bxf3 {[%clk 00:22:33]} {[%emt 00:11:55]} 18. Nxf3 {[%clk
00:42:41]} {[%emt 00:02:26]} Qe7 {[%clk 00:22:13]} {[%emt 00:00:51]} 19. Bxf4
{[%clk 00:36:45]} {[%emt 00:06:26]} Bxf4 {[%clk 00:18:17]} {[%emt 00:04:26]}
20. Qe2 {[%clk 00:36:26]} {[%emt 00:00:48]} Bc7 {[%clk 00:16:44]} {[%emt
00:02:04]} 21. Rae1 {[%clk 00:36:26]} {[%emt 00:00:28]} Re8 {[%clk 00:16:52]}
{[%emt 00:00:23]} 22. Ne5 {[%clk 00:35:49]} {[%emt 00:01:06]} 1/2-1/2

[Event "ODJM A 2025"]
[Site "Willingen GER"]
[Date "2025.06.13"]
[Round "8"]
[White "Fellberg, Justus"]
[Black "Nguyen, Ha Thanh"]
[Result "1/2-1/2"]
[Termination "normal"]
[Board "27"]
[WhiteElo "1812"]
[BlackElo "1950"]
[WhiteClock "00:04:24"]
[BlackClock "00:03:44"]
[PlyCount "65"]
[WhiteFideId "34608990"]
[BlackFideId "12942154"]
[EventCountry "GER"]
[EventRounds "9"]
[EventType "swiss"]
[EventDate "2025.06.07"]

1. e4 {[%clk 01:30:58]} {[%emt 00:00:01]} c5 {[%clk 01:30:55]} {[%emt
00:00:06]} 2. Nf3 {[%clk 01:31:25]} {[%emt 00:00:02]} Nc6 {[%clk 01:31:12]}
{[%emt 00:00:14]} 3. Nc3 {[%clk 01:27:00]} {[%emt 00:04:55]} a6 {[%clk
01:24:11]} {[%emt 00:07:30]} 4. a4 {[%clk 01:25:38]} {[%emt 00:01:53]} e6
{[%clk 01:17:50]} {[%emt 00:06:51]} 5. d4 {[%clk 01:19:39]} {[%emt 00:06:28]}
cxd4 {[%clk 01:17:48]} {[%emt 00:00:33]} 6. Nxd4 {[%clk 01:19:47]} {[%emt
00:00:22]} Qb6 {[%clk 01:11:54]} {[%emt 00:06:24]} 7. Nb3 {[%clk 01:18:35]}
{[%emt 00:01:41]} Bb4 {[%clk 01:06:00]} {[%emt 00:06:24]} 8. Be3 {[%clk
01:15:21]} {[%emt 00:03:44]} Qc7 {[%clk 00:59:51]} {[%emt 00:06:40]} 9. Be2
{[%clk 01:11:07]} {[%emt 00:04:44]} Nf6 {[%clk 00:59:22]} {[%emt 00:00:59]} 10.
Bf3 {[%clk 01:07:19]} {[%emt 00:04:17]} Bxc3+ {[%clk 00:51:47]} {[%emt
00:08:06]} 11. bxc3 {[%clk 01:07:42]} {[%emt 00:00:07]} d6 {[%clk 00:52:02]}
{[%emt 00:00:15]} 12. O-O {[%clk 00:58:26]} {[%emt 00:09:45]} Ne5 {[%clk
00:44:27]} {[%emt 00:08:05]} 13. Qd4 {[%clk 00:55:54]} {[%emt 00:03:01]} Nc4
{[%clk 00:35:35]} {[%emt 00:09:23]} 14. Bc1 {[%clk 00:50:43]} {[%emt 00:05:41]}
e5 {[%clk 00:33:38]} {[%emt 00:02:27]} 15. Qd3 {[%clk 00:50:38]} {[%emt
00:00:35]} Be6 {[%clk 00:33:13]} {[%emt 00:00:54]} 16. Rd1 {[%clk 00:47:29]}
{[%emt 00:03:39]} Rd8 {[%clk 00:29:31]} {[%emt 00:04:13]} 17. Nd2 {[%clk
00:36:34]} {[%emt 00:11:26]} Nb6 {[%clk 00:24:53]} {[%emt 00:05:07]} 18. a5
{[%clk 00:33:48]} {[%emt 00:03:15]} Nc8 {[%clk 00:23:54]} {[%emt 00:01:30]} 19.
Nb3 {[%clk 00:29:29]} {[%emt 00:04:49]} h6 {[%clk 00:23:53]} {[%emt 00:00:31]}
20. Be3 {[%clk 00:28:26]} {[%emt 00:01:33]} Bc4 {[%clk 00:18:11]} {[%emt
00:06:12]} 21. Qd2 {[%clk 00:28:30]} {[%emt 00:00:27]} Ke7 {[%clk 00:17:14]}
{[%emt 00:01:27]} 22. Qe1 {[%clk 00:25:27]} {[%emt 00:03:33]} Qc6 {[%clk
00:15:41]} {[%emt 00:02:02]} 23. h3 {[%clk 00:20:40]} {[%emt 00:05:17]} Qc7
{[%clk 00:12:15]} {[%emt 00:03:57]} 24. Ra4 {[%clk 00:15:38]} {[%emt 00:05:31]}
Be6 {[%clk 00:11:39]} {[%emt 00:01:06]} 25. Rb4 {[%clk 00:14:39]} {[%emt
00:01:29]} Rd7 {[%clk 00:11:33]} {[%emt 00:00:36]} 26. Ra4 {[%clk 00:11:54]}
{[%emt 00:03:15]} Rhd8 {[%clk 00:09:33]} {[%emt 00:02:30]} 27. Ra3 {[%clk
00:10:22]} {[%emt 00:02:02]} Rg8 {[%clk 00:07:05]} {[%emt 00:02:58]} 28. Qd2
{[%clk 00:06:16]} {[%emt 00:04:36]} g5 {[%clk 00:06:18]} {[%emt 00:01:17]} 29.
g4 {[%clk 00:05:13]} {[%emt 00:01:34]} Qc4 {[%clk 00:05:32]} {[%emt 00:01:15]}
30. Qe1 {[%clk 00:04:13]} {[%emt 00:01:30]} Qc7 {[%clk 00:05:22]} {[%emt
00:00:40]} 31. Bg2 {[%clk 00:04:15]} {[%emt 00:00:27]} h5 {[%clk 00:04:05]}
{[%emt 00:01:47]} 32. f3 {[%clk 00:04:24]} {[%emt 00:00:21]} hxg4 {[%clk
00:03:44]} {[%emt 00:00:52]} 33. hxg4 {[%emt 00:00:36]} 1/2-1/2

[Event "ODJM A 2025"]
[Site "Willingen GER"]
[Date "2025.06.13"]
[Round "8"]
[White "Tiedemann, Fin Niklas"]
[Black "Hierl, Andreas"]
[Result "1-0"]
[Termination "normal"]
[Board "28"]
[WhiteElo "1938"]
[BlackElo "1767"]
[WhiteClock "00:11:34"]
[BlackClock "00:01:37"]
[PlyCount "127"]
[WhiteFideId "12936936"]
[BlackFideId "34660496"]
[EventCountry "GER"]
[EventRounds "9"]
[EventType "swiss"]
[EventDate "2025.06.07"]

1. e4 {[%clk 01:30:57]} {[%emt 00:00:02]} c6 {[%clk 01:30:55]} {[%emt
00:00:05]} 2. Nc3 {[%clk 01:31:22]} {[%emt 00:00:06]} d5 {[%clk 01:31:21]}
{[%emt 00:00:05]} 3. Nf3 {[%clk 01:31:48]} {[%emt 00:00:04]} dxe4 {[%clk
01:31:42]} {[%emt 00:00:09]} 4. Nxe4 {[%clk 01:32:12]} {[%emt 00:00:05]} Nf6
{[%clk 01:32:01]} {[%emt 00:00:11]} 5. Nxf6+ {[%clk 01:32:20]} {[%emt
00:00:22]} exf6 {[%clk 01:32:23]} {[%emt 00:00:08]} 6. Bc4 {[%clk 01:32:43]}
{[%emt 00:00:08]} Be7 {[%clk 01:31:56]} {[%emt 00:00:56]} 7. O-O {[%clk
01:32:41]} {[%emt 00:00:32]} O-O {[%clk 01:32:19]} {[%emt 00:00:07]} 8. d4
{[%clk 01:30:17]} {[%emt 00:02:54]} Bd6 {[%clk 01:32:12]} {[%emt 00:00:36]} 9.
h3 {[%clk 01:28:30]} {[%emt 00:02:17]} Re8 {[%clk 01:27:59]} {[%emt 00:04:44]}
10. Bd3 {[%clk 01:24:56]} {[%emt 00:04:04]} Nd7 {[%clk 01:27:55]} {[%emt
00:00:34]} 11. c4 {[%clk 01:25:20]} {[%emt 00:00:07]} Nf8 {[%clk 01:28:13]}
{[%emt 00:00:11]} 12. Qc2 {[%clk 01:23:03]} {[%emt 00:02:47]} Be6 {[%clk
01:27:35]} {[%emt 00:01:08]} 13. Bd2 {[%clk 01:22:22]} {[%emt 00:01:11]} Rc8
{[%clk 01:26:36]} {[%emt 00:01:27]} 14. b4 {[%clk 01:18:57]} {[%emt 00:03:57]}
Bb8 {[%clk 01:22:47]} {[%emt 00:04:19]} 15. Bf5 {[%clk 01:03:57]} {[%emt
00:15:30]} Qd7 {[%clk 01:16:01]} {[%emt 00:07:15]} 16. Bxe6 {[%clk 00:58:00]}
{[%emt 00:06:28]} Nxe6 {[%clk 01:15:25]} {[%emt 00:01:06]} 17. Qd3 {[%clk
00:45:06]} {[%emt 00:13:24]} Qd6 {[%clk 00:58:39]} {[%emt 00:17:15]} 18. a3
{[%clk 00:31:26]} {[%emt 00:14:12]} Rcd8 {[%clk 00:50:52]} {[%emt 00:08:16]}
19. Be3 {[%clk 00:31:03]} {[%emt 00:00:53]} Rd7 {[%clk 00:45:21]} {[%emt
00:06:01]} 20. Rfd1 {[%clk 00:23:59]} {[%emt 00:07:35]} Red8 {[%clk 00:39:29]}
{[%emt 00:06:21]} 21. Qf5 {[%clk 00:22:28]} {[%emt 00:02:00]} Qe7 {[%clk
00:22:39]} {[%emt 00:17:20]} 22. Re1 {[%clk 00:18:03]} {[%emt 00:04:56]} g6
{[%clk 00:14:05]} {[%emt 00:09:03]} 23. Qc2 {[%clk 00:18:24]} {[%emt 00:00:09]}
Qd6 {[%clk 00:13:44]} {[%emt 00:00:51]} 24. Qc3 {[%clk 00:16:31]} {[%emt
00:02:24]} Ng7 {[%clk 00:11:34]} {[%emt 00:02:40]} 25. Rad1 {[%clk 00:15:56]}
{[%emt 00:01:05]} Nf5 {[%clk 00:10:57]} {[%emt 00:01:06]} 26. d5 {[%clk
00:12:26]} {[%emt 00:04:01]} Nxe3 {[%clk 00:08:10]} {[%emt 00:03:17]} 27. Rxe3
{[%clk 00:12:15]} {[%emt 00:00:41]} c5 {[%clk 00:01:44]} {[%emt 00:06:57]} 28.
bxc5 {[%clk 00:09:37]} {[%emt 00:03:08]} Qxc5 {[%clk 00:01:31]} {[%emt
00:00:42]} 29. Qxf6 {[%clk 00:10:01]} {[%emt 00:00:06]} Qxc4 {[%clk 00:01:00]}
{[%emt 00:01:01]} 30. Rde1 {[%clk 00:10:23]} {[%emt 00:00:07]} Rf8 {[%clk
00:01:07]} {[%emt 00:00:23]} 31. Re8 {[%clk 00:10:11]} {[%emt 00:00:42]} Qc5
{[%clk 00:00:49]} {[%emt 00:00:49]} 32. R1e7 {[%clk 00:08:29]} {[%emt
00:02:12]} Qxd5 {[%clk 00:00:56]} {[%emt 00:00:23]} 33. Rxd7 {[%clk 00:07:01]}
{[%emt 00:01:57]} Qxd7 {[%clk 00:01:07]} {[%emt 00:00:20]} 34. Rxf8+ {[%clk
00:07:25]} {[%emt 00:00:06]} Kxf8 {[%clk 00:01:25]} {[%emt 00:00:11]} 35. Qh8+
{[%clk 00:07:51]} {[%emt 00:00:04]} Ke7 {[%clk 00:01:36]} {[%emt 00:00:21]} 36.
Qxb8 {[%clk 00:08:17]} {[%emt 00:00:04]} a6 {[%clk 00:00:58]} {[%emt 00:01:07]}
37. Qe5+ {[%clk 00:08:08]} {[%emt 00:00:38]} Kf8 {[%clk 00:00:32]} {[%emt
00:00:56]} 38. Ng5 {[%clk 00:04:34]} {[%emt 00:04:04]} Kg8 {[%clk 00:00:37]}
{[%emt 00:00:26]} 39. Ne4 {[%clk 00:03:41]} {[%emt 00:01:23]} Qd1+ {[%clk
00:00:36]} {[%emt 00:00:31]} 40. Kh2 {[%clk 00:04:04]} {[%emt 00:00:07]} Qb3
{[%clk 00:00:39]} {[%emt 00:00:26]} 41. Qc3 {[%clk 00:02:23]} {[%emt 00:02:11]}
Qb1 {[%clk 00:28:46]} {[%emt 00:02:23]} 42. f3 {[%clk 00:32:21]} {[%emt
00:00:33]} Qb5 {[%clk 00:27:44]} {[%emt 00:01:31]} 43. Qd4 {[%clk 00:26:44]}
{[%emt 00:06:08]} Qb3 {[%clk 00:22:04]} {[%emt 00:06:09]} 44. a4 {[%clk
00:24:20]} {[%emt 00:02:55]} Qe6 {[%clk 00:19:08]} {[%emt 00:03:25]} 45. Qd6
{[%clk 00:19:28]} {[%emt 00:05:23]} Qb3 {[%clk 00:17:57]} {[%emt 00:01:41]} 46.
a5 {[%clk 00:19:37]} {[%emt 00:00:21]} h5 {[%clk 00:13:43]} {[%emt 00:04:42]}
47. h4 {[%clk 00:18:47]} {[%emt 00:01:21]} Qa4 {[%clk 00:12:24]} {[%emt
00:01:50]} 48. Kg3 {[%clk 00:18:42]} {[%emt 00:00:33]} Qxa5 {[%clk 00:11:59]}
{[%emt 00:00:56]} 49. Qb8+ {[%clk 00:19:01]} {[%emt 00:00:12]} Kg7 {[%clk
00:11:52]} {[%emt 00:00:37]} 50. Qxb7 {[%clk 00:19:19]} {[%emt 00:00:12]} Qe5+
{[%clk 00:11:16]} {[%emt 00:01:05]} 51. Kf2 {[%clk 00:18:33]} {[%emt 00:01:16]}
Qd4+ {[%clk 00:10:46]} {[%emt 00:01:00]} 52. Kg3 {[%clk 00:17:14]} {[%emt
00:01:49]} Qe5+ {[%clk 00:10:26]} {[%emt 00:00:51]} 53. f4 {[%clk 00:17:18]}
{[%emt 00:00:26]} Qe6 {[%clk 00:07:11]} {[%emt 00:03:44]} 54. Kf2 {[%clk
00:16:06]} {[%emt 00:01:42]} Qa2+ {[%clk 00:05:12]} {[%emt 00:02:29]} 55. Kg1
{[%clk 00:15:38]} {[%emt 00:00:58]} Qa1+ {[%clk 00:04:43]} {[%emt 00:00:59]}
56. Kh2 {[%clk 00:16:02]} {[%emt 00:00:06]} Qe1 {[%clk 00:04:38]} {[%emt
00:00:34]} 57. Qe7 {[%clk 00:11:46]} {[%emt 00:04:46]} a5 {[%clk 00:04:05]}
{[%emt 00:01:04]} 58. Qf6+ {[%clk 00:11:59]} {[%emt 00:00:16]} Kg8 {[%clk
00:02:14]} {[%emt 00:02:22]} 59. Nd6 {[%clk 00:12:16]} {[%emt 00:00:13]} a4
{[%clk 00:02:18]} {[%emt 00:00:27]} 60. Qxf7+ {[%clk 00:12:37]} {[%emt
00:00:09]} Kh8 {[%clk 00:02:35]} {[%emt 00:00:13]} 61. Qf6+ {[%clk 00:11:58]}
{[%emt 00:01:09]} Kh7 {[%clk 00:02:23]} {[%emt 00:00:42]} 62. f5 {[%clk
00:10:46]} {[%emt 00:01:42]} gxf5 {[%clk 00:01:27]} {[%emt 00:01:25]} 63. Nxf5
{[%clk 00:11:10]} {[%emt 00:00:06]} a3 {[%clk 00:01:37]} {[%emt 00:00:20]} 64.
Qg7# {[%clk 00:11:34]} {[%emt 00:00:07]} 1-0

[Event "ODJM A 2025"]
[Site "Willingen GER"]
[Date "2025.06.13"]
[Round "8"]
[White "Apel, Linus"]
[Black "Bergmann, Lennart"]
[Result "1-0"]
[Termination "normal"]
[Board "29"]
[WhiteElo "1783"]
[BlackElo "1860"]
[WhiteClock "00:15:38"]
[BlackClock "00:01:03"]
[PlyCount "61"]
[WhiteFideId "16265785"]
[BlackFideId "16270657"]
[EventCountry "GER"]
[EventRounds "9"]
[EventType "swiss"]
[EventDate "2025.06.07"]

1. e4 {[%clk 01:30:57]} {[%emt 00:00:01]} c5 {[%clk 01:30:27]} {[%emt
00:00:34]} 2. Nf3 {[%clk 01:31:22]} {[%emt 00:00:06]} Nc6 {[%clk 01:30:52]}
{[%emt 00:00:04]} 3. b4 {[%clk 01:31:44]} {[%emt 00:00:08]} cxb4 {[%clk
01:28:07]} {[%emt 00:03:16]} 4. d4 {[%clk 01:32:05]} {[%emt 00:00:09]} d5
{[%clk 01:28:14]} {[%emt 00:00:22]} 5. exd5 {[%clk 01:32:29]} {[%emt 00:00:06]}
Qxd5 {[%clk 01:28:32]} {[%emt 00:00:12]} 6. c4 {[%clk 01:32:53]} {[%emt
00:00:06]} Qa5 {[%clk 01:23:46]} {[%emt 00:05:15]} 7. Bd2 {[%clk 01:33:12]}
{[%emt 00:00:12]} Bg4 {[%clk 01:24:01]} {[%emt 00:00:16]} 8. d5 {[%clk
01:30:25]} {[%emt 00:03:17]} Ne5 {[%clk 01:16:52]} {[%emt 00:07:38]} 9. Qb3
{[%clk 01:19:27]} {[%emt 00:11:29]} Qc7 {[%clk 01:10:43]} {[%emt 00:06:38]} 10.
Nd4 {[%clk 01:18:28]} {[%emt 00:01:29]} Nd7 {[%clk 00:54:12]} {[%emt 00:17:01]}
11. Bxb4 {[%clk 01:04:39]} {[%emt 00:14:20]} Qe5+ {[%clk 00:47:07]} {[%emt
00:07:34]} 12. Ne2 {[%clk 00:58:14]} {[%emt 00:06:55]} Rc8 {[%clk 00:31:44]}
{[%emt 00:15:53]} 13. Bc3 {[%clk 00:57:28]} {[%emt 00:01:16]} Qc7 {[%clk
00:31:31]} {[%emt 00:00:44]} 14. Nd2 {[%clk 00:50:52]} {[%emt 00:07:05]} Nc5
{[%clk 00:31:16]} {[%emt 00:00:45]} 15. Qc2 {[%clk 00:51:04]} {[%emt 00:00:19]}
e6 {[%clk 00:27:37]} {[%emt 00:04:09]} 16. Nd4 {[%clk 00:37:10]} {[%emt
00:14:23]} exd5 {[%clk 00:27:05]} {[%emt 00:01:02]} 17. cxd5 {[%clk 00:36:08]}
{[%emt 00:01:32]} Qe5+ {[%clk 00:24:40]} {[%emt 00:02:55]} 18. Be2 {[%clk
00:35:10]} {[%emt 00:01:28]} Bxe2 {[%clk 00:23:45]} {[%emt 00:01:25]} 19. Nxe2
{[%clk 00:35:14]} {[%emt 00:00:27]} Qxd5 {[%clk 00:23:55]} {[%emt 00:00:19]}
20. O-O {[%clk 00:34:25]} {[%emt 00:01:18]} Nf6 {[%clk 00:17:03]} {[%emt
00:07:23]} 21. Nf4 {[%clk 00:32:39]} {[%emt 00:02:16]} Qc6 {[%clk 00:10:28]}
{[%emt 00:07:05]} 22. Bxf6 {[%clk 00:30:59]} {[%emt 00:02:09]} gxf6 {[%clk
00:09:53]} {[%emt 00:01:06]} 23. Rfe1+ {[%clk 00:30:25]} {[%emt 00:01:04]} Be7
{[%clk 00:06:33]} {[%emt 00:03:49]} 24. Qf5 {[%clk 00:25:48]} {[%emt 00:05:07]}
Rd8 {[%clk 00:03:10]} {[%emt 00:03:54]} 25. Rac1 {[%clk 00:21:13]} {[%emt
00:05:04]} b6 {[%clk 00:01:31]} {[%emt 00:02:10]} 26. Ne4 {[%clk 00:18:25]}
{[%emt 00:03:18]} Kf8 {[%clk 00:02:00]} 27. Qh5 {[%clk 00:15:32]} {[%emt
00:03:23]} Qa4 {[%clk 00:00:53]} {[%emt 00:01:38]} 28. Qh6+ {[%clk 00:15:12]}
{[%emt 00:00:50]} Kg8 {[%clk 00:00:49]} {[%emt 00:00:34]} 29. Nh5 {[%clk
00:15:22]} {[%emt 00:00:20]} Ne6 {[%clk 00:00:38]} {[%emt 00:00:42]} 30. Nexf6+
{[%clk 00:15:38]} {[%emt 00:00:13]} Bxf6 {[%clk 00:01:03]} {[%emt 00:00:05]}
31. Nxf6# {[%emt 00:00:05]} 1-0

[Event "ODJM A 2025"]
[Site "Willingen GER"]
[Date "2025.06.13"]
[Round "8"]
[White "Abou Wally, Adrian"]
[Black "Beckmann, Jonathan"]
[Result "0-1"]
[Termination "normal"]
[Board "30"]
[WhiteElo "1947"]
[BlackElo "1904"]
[WhiteClock "00:01:57"]
[BlackClock "00:03:33"]
[PlyCount "80"]
[WhiteFideId "16245113"]
[BlackFideId "34672591"]
[EventCountry "GER"]
[EventRounds "9"]
[EventType "swiss"]
[EventDate "2025.06.07"]

1. e4 {[%clk 01:30:59]} c5 {[%clk 01:30:56]} {[%emt 00:00:05]} 2. Nc3 {[%clk
01:31:24]} {[%emt 00:00:04]} a6 {[%clk 01:31:22]} {[%emt 00:00:06]} 3. Nge2
{[%clk 01:31:15]} {[%emt 00:00:38]} d6 {[%clk 01:31:31]} {[%emt 00:00:21]} 4.
g3 {[%clk 01:30:40]} {[%emt 00:01:05]} b5 {[%clk 01:31:28]} {[%emt 00:00:32]}
5. Bg2 {[%clk 01:30:32]} {[%emt 00:00:38]} Bb7 {[%clk 01:31:50]} {[%emt
00:00:09]} 6. d3 {[%clk 01:28:06]} {[%emt 00:02:55]} Nc6 {[%clk 01:30:33]}
{[%emt 00:01:46]} 7. O-O {[%clk 01:27:43]} {[%emt 00:00:54]} Nf6 {[%clk
01:17:41]} {[%emt 00:13:23]} 8. Bg5 {[%clk 01:17:59]} {[%emt 00:10:14]} e6
{[%clk 01:14:07]} {[%emt 00:04:04]} 9. f4 {[%clk 01:07:08]} {[%emt 00:11:21]}
Be7 {[%clk 00:58:04]} {[%emt 00:16:32]} 10. e5 {[%clk 00:36:44]} {[%emt
00:30:54]} dxe5 {[%clk 00:52:15]} {[%emt 00:06:19]} 11. fxe5 {[%clk 00:32:45]}
{[%emt 00:04:29]} Ng4 {[%clk 00:44:36]} {[%emt 00:08:10]} 12. Ne4 {[%clk
00:27:49]} {[%emt 00:05:26]} Ngxe5 {[%clk 00:39:31]} {[%emt 00:05:34]} 13. Bxe7
{[%clk 00:24:50]} {[%emt 00:03:29]} Qxe7 {[%clk 00:39:44]} {[%emt 00:00:18]}
14. Nf4 {[%clk 00:24:17]} {[%emt 00:01:02]} f5 {[%clk 00:24:29]} {[%emt
00:15:45]} 15. Nd2 {[%clk 00:18:50]} {[%emt 00:05:57]} O-O {[%clk 00:24:16]}
{[%emt 00:00:44]} 16. Qh5 {[%clk 00:17:55]} {[%emt 00:01:24]} Qe8 {[%clk
00:10:39]} {[%emt 00:14:05]} 17. Rae1 {[%clk 00:17:07]} {[%emt 00:01:21]} g6
{[%clk 00:05:11]} {[%emt 00:05:58]} 18. Qh4 {[%clk 00:14:16]} {[%emt 00:03:20]}
Rb8 {[%clk 00:04:16]} {[%emt 00:01:26]} 19. Bxc6 {[%clk 00:14:05]} {[%emt
00:00:42]} Nxc6 {[%clk 00:03:58]} {[%emt 00:00:47]} 20. Nxe6 {[%clk 00:13:30]}
{[%emt 00:01:04]} Qe7 {[%clk 00:01:31]} {[%emt 00:02:57]} 21. Qxe7 {[%clk
00:12:26]} {[%emt 00:01:35]} Nxe7 {[%clk 00:01:56]} {[%emt 00:00:04]} 22. Nxf8
{[%clk 00:12:50]} {[%emt 00:00:06]} Kxf8 {[%clk 00:02:23]} {[%emt 00:00:04]}
23. Nb3 {[%clk 00:12:54]} {[%emt 00:00:26]} Rc8 {[%clk 00:02:44]} {[%emt
00:00:09]} 24. Na5 {[%clk 00:10:03]} {[%emt 00:03:21]} Ba8 {[%clk 00:02:32]}
{[%emt 00:00:41]} 25. Re6 {[%clk 00:08:57]} {[%emt 00:01:36]} Nd5 {[%clk
00:02:38]} {[%emt 00:00:24]} 26. c3 {[%clk 00:08:38]} {[%emt 00:00:49]} c4
{[%clk 00:02:38]} {[%emt 00:00:31]} 27. d4 {[%clk 00:07:15]} {[%emt 00:01:52]}
Nc7 {[%clk 00:02:40]} {[%emt 00:00:28]} 28. Re3 {[%clk 00:06:56]} {[%emt
00:00:48]} Kg7 {[%clk 00:02:57]} {[%emt 00:00:14]} 29. Re7+ {[%clk 00:05:57]}
{[%emt 00:01:29]} Kg8 {[%clk 00:02:59]} {[%emt 00:00:28]} 30. Rfe1 {[%clk
00:05:11]} {[%emt 00:01:17]} Be4 {[%clk 00:03:20]} {[%emt 00:00:09]} 31. Kf2
{[%clk 00:04:02]} {[%emt 00:01:38]} Nd5 {[%clk 00:03:27]} {[%emt 00:00:23]} 32.
Rd7 {[%clk 00:03:36]} {[%emt 00:00:56]} Nf6 {[%clk 00:03:23]} {[%emt 00:00:34]}
33. Rd6 {[%clk 00:03:18]} {[%emt 00:00:47]} Ng4+ {[%clk 00:03:11]} {[%emt
00:00:42]} 34. Kg1 {[%clk 00:03:41]} {[%emt 00:00:07]} b4 {[%clk 00:03:18]}
{[%emt 00:00:25]} 35. cxb4 {[%clk 00:03:23]} {[%emt 00:00:47]} c3 {[%clk
00:03:33]} {[%emt 00:00:15]} 36. Rc1 {[%clk 00:01:55]} {[%emt 00:01:58]} cxb2
{[%clk 00:03:30]} {[%emt 00:00:33]} 37. Rxc8+ {[%clk 00:02:15]} {[%emt
00:00:10]} Kg7 {[%clk 00:03:34]} {[%emt 00:00:26]} 38. Nb3 {[%clk 00:01:17]}
{[%emt 00:01:29]} b1=Q+ {[%clk 00:03:35]} {[%emt 00:00:28]} 39. Nc1 {[%clk
00:01:43]} {[%emt 00:00:05]} Qb2 {[%clk 00:03:13]} {[%emt 00:00:51]} 40. Rc7+
{[%clk 00:01:57]} {[%emt 00:00:16]} Kh6 {[%clk 00:03:33]} {[%emt 00:00:10]} 0-1